Assignment and thesis writing /

Uloženo v:
Podrobná bibliografie
Hlavní autor: Anderson, Jonathan, 1939-.
Médium: Kniha
Jazyk:English
Vydáno: Brisbane : John Wiley and Sons, 1998.
Vydání:3rd ed.
Témata:
Tagy: Přidat tag
Žádné tagy, Buďte první, kdo otaguje tento záznam!
Thư viện lưu trữ: Mạng thư viện Đại học Đà Nẵng
LEADER 00918cam a2200361 i 4500
001 000045780
003 4977
005 20030304145658.0
008 010220|1998 vm 000 eng
020 |a 047133927X 
040 |a IRC  |c IRC  |d IRC 
041 0 |a eng 
082 1 4 |a 808.06  |b AN-J 
100 1 |a Anderson, Jonathan,  |d 1939-. 
245 0 0 |a Assignment and thesis writing /  |c Jonathan Anderson. 
250 |a 3rd ed. 
260 |a Brisbane :  |b John Wiley and Sons,  |c 1998. 
300 |a xiv, 170p. 
630 0 4 |a Academic dissertations. 
630 0 4 |a Report writing. 
630 0 4 |a Dissertations. 
650 0 4 |a Dissertations, Academic. 
650 0 4 |a Report writing. 
OWN |a DUT 
999 |a From the UDN01 
TYP |a Monograph 
TYP |a Printed language 
980 |a Mạng thư viện Đại học Đà Nẵng